Statistics for Who Is Your Favorite Fearless Hero? - Lyrics (Puss in Boots 2)

Click here to take the quiz!

General Stats

  • This quiz has been taken 10 times
  • The average score is 90 of 148

Answer Stats

Lyric% Correct
Puss
100%
Boots
83%
favorite
83%
fearless
83%
he-e-ro?
83%
in
83%
is
83%
who
83%
Who
83%
(You
83%
you
83%
A
67%
a
67%
with
67%
your
67%
and
50%
And
50%
Ha
50%
ha!
50%
so
50%
the
50%
Who's
50%
afraid!
33%
ALL
33%
are,
33%
are!)
33%
been
33%
blade?
33%
brave
33%
by
33%
dice?
33%
FOR
33%
for
33%
fuerte...
33%
gambles
33%
gato
33%
good
33%
he's
33%
He's
33%
his
33%
humble!
33%
justice!
33%
LEGEND
33%
Leyenda...
33%
life?!
33%
Lo
33%
looking!
33%
mas
33%
never
33%
of
33%
people...
33%
ready
33%
rolls
33%
touched
33%
trouble?
33%
unbelievably
33%
vein
33%
very
33%
against
17%
evil!
17%
Fighting
17%
Guerrero...
17%
Honrado...
17%
Humilde...
17%
Poderoso...
17%
Stands
17%
up
17%
Victorioso...
17%

Score Distribution

Percentile by Number Answered

Percent of People with Each Score

Your Score History

You have not taken this quiz